[Event "Ukraine Men`s Final - 2015					"]
[Site "Lviv"]
[Date "2015.12.08"]
[Round "6.1"]
[White "Zubarev, Alexander"]
[Black "Sivuk, Vitaly"]
[Result "1/2-1/2"]
[WhiteElo "2548"]
[BlackElo "2552"]
[PlyCount "115"]
[EventDate "2015.12.03"]

1. Nf3 Nf6 2. c4 e6 3. g3 d5 4. Bg2 d4 5. a3 a5 6. e3 c5 7. exd4 cxd4 8. d3 Nc6
9. Bg5 Bd6 10. Nbd2 h6 11. Bxf6 Qxf6 12. Ne4 Qe7 13. Nxd6+ Qxd6 14. Rc1 O-O 15.
O-O e5 16. c5 Qe7 17. Nd2 a4 18. Re1 Be6 19. Nc4 Qxc5 20. Nxe5 Qb6 21. Nxc6
bxc6 22. Bxc6 Ra7 23. Re2 Bb3 24. Qe1 Rc7 25. Bf3 Rxc1 26. Qxc1 Qa6 27. Qd2 Qb5
28. Re4 Rd8 29. h4 Be6 30. Bg4 Ba2 31. Bh3 Qc5 32. Re1 Qb5 33. Rc1 Rb8 34. Rc8+
Rxc8 35. Bxc8 Bb1 36. Bg4 Qxd3 37. Qxd3 Bxd3 38. Bd7 Bc2 39. Kf1 Kf8 40. Ke2
Ke7 41. Kd2 Bb3 42. Bf5 Be6 43. Bxe6 fxe6 44. f4 g5 45. Kd3 gxh4 46. gxh4 Kf6
47. Kxd4 Kf5 48. Ke3 Kg4 49. h5 Kxh5 50. b4 axb3 51. Kd3 Kg4 52. a4 Kxf4 53. a5
e5 54. a6 e4+ 55. Kc3 e3 56. a7 e2 57. Kd2 b2 58. Kxe2 1/2-1/2

[Event "Ukraine Men`s Final - 2015					"]
[Site "Lviv"]
[Date "2015.12.08"]
[Round "6.2"]
[White "Fedorchuk, Sergey A"]
[Black "Volokitin, Andrei"]
[Result "0-1"]
[WhiteElo "2641"]
[BlackElo "2628"]
[PlyCount "68"]
[EventDate "2015.12.03"]

1. e4 c5 2. Nf3 d6 3. d4 cxd4 4. Nxd4 Nf6 5. Nc3 a6 6. g3 e5 7. Nde2 Nbd7 8.
Bg2 b5 9. Nd5 Nxd5 10. Qxd5 Nb6 11. Qd3 Be7 12. b3 O-O 13. Be3 Be6 14. O-O Qc7
15. f4 f6 16. f5 Bf7 17. g4 Rac8 18. c3 d5 19. exd5 Bc5 20. Rad1 Rfd8 21. Bxc5
Qxc5+ 22. Kh1 Bxd5 23. Bxd5+ Nxd5 24. Rf3 Ne3 25. Qxd8+ Rxd8 26. Rxd8+ Kf7 27.
h3 Qc6 28. Ng1 h5 29. Kh2 Qc7 30. Rxe3 Qxd8 31. Nf3 Qa5 32. b4 Qxa2+ 33. Kg3
Qc4 34. Rxe5 Qc7 0-1

[Event "Ukraine Men`s Final - 2015					"]
[Site "Lviv"]
[Date "2015.12.08"]
[Round "6.3"]
[White "Neverov, Valeriy"]
[Black "Kravtsiv, Martyn"]
[Result "0-1"]
[WhiteElo "2516"]
[BlackElo "2623"]
[PlyCount "120"]
[EventDate "2015.12.03"]

1. d4 Nf6 2. Nf3 e6 3. g3 d5 4. Bg2 Be7 5. O-O O-O 6. Nbd2 c5 7. dxc5 Bxc5 8.
c4 b6 9. a3 Bb7 10. b4 Be7 11. Bb2 dxc4 12. Nxc4 Qd5 13. Rc1 Nbd7 14. Qxd5 Bxd5
15. Nfe5 Bxg2 16. Kxg2 Rfc8 17. Nxd7 Nxd7 18. Rfd1 Nf8 19. Ne5 Bf6 20. a4 Bxe5
21. Bxe5 f6 22. Bd6 e5 23. b5 Ne6 24. e3 Kf7 25. f4 exf4 26. gxf4 Rxc1 27. Rxc1
Rd8 28. Bb4 f5 29. Rc6 Rd3 30. Kf2 Rb3 31. Bd6 Rb2+ 32. Kg3 Ra2 33. Rc4 Rd2 34.
Bb8 Rd7 35. Kf3 Nc5 36. Be5 Rd2 37. Bb8 Ne4 38. Rxe4 fxe4+ 39. Kg4 Ra2 40. Bxa7
Rxa4 41. Bxb6 Rb4 42. Bd4 Rxb5 43. f5 Rb1 44. Kf4 Rh1 45. Kxe4 Rxh2 46. Kf3 Rd2
47. Kg3 Rd1 48. Kf3 Rf1+ 49. Kg4 Rg1+ 50. Kh4 g6 51. fxg6+ hxg6 52. Kh3 Ke6 53.
Kh2 Rg5 54. Bb6 Kf5 55. Bd8 Rg4 56. Kh3 Rg1 57. Be7 Ke4 58. Kh2 Rg4 59. Kh3 Kf3
60. Bd8 g5 0-1

[Event "Ukraine Men`s Final - 2015					"]
[Site "Lviv"]
[Date "2015.12.08"]
[Round "6.4"]
[White "Kovchan, Alexander"]
[Black "Kryvoruchko, Yuriy"]
[Result "1/2-1/2"]
[WhiteElo "2583"]
[BlackElo "2711"]
[PlyCount "31"]
[EventDate "2015.12.03"]

1. e4 c5 2. Nf3 d6 3. d4 cxd4 4. Nxd4 Nf6 5. Nc3 Nc6 6. Be2 g6 7. Be3 Bg7 8.
O-O O-O 9. Qd2 Bd7 10. f3 Rc8 11. Rfd1 a6 12. Nxc6 Bxc6 13. a4 Nd7 14. a5 Qc7
15. Bd4 Rfd8 16. Qe3 1/2-1/2

[Event "Ukraine Men`s Final - 2015					"]
[Site "Lviv"]
[Date "2015.12.10"]
[Round "7.1"]
[White "Kuzubov, Yuriy"]
[Black "Zubarev, Alexander"]
[Result "0-1"]
[WhiteElo "2640"]
[BlackElo "2548"]
[PlyCount "54"]
[EventDate "2015.12.03"]

1. d4 Nf6 2. c4 e6 3. Nc3 Bb4 4. Qc2 O-O 5. Nf3 d5 6. cxd5 exd5 7. Bg5 h6 8.
Bh4 c5 9. e3 c4 10. Nd2 g5 11. Bg3 Nc6 12. Be2 Re8 13. Rd1 a6 14. O-O b5 15. a4
Bxc3 16. bxc3 b4 17. cxb4 Nxb4 18. Qc3 a5 19. f3 Nd7 20. e4 Nb6 21. Ra1 f5 22.
Rfd1 Bd7 23. Be5 Bxa4 24. Rdc1 Bb5 25. Nb3 Na4 26. Qe1 Qb6 27. Nc5 Nxc5 0-1

[Event "Ukraine Men`s Final - 2015					"]
[Site "Lviv"]
[Date "2015.12.10"]
[Round "7.3"]
[White "Kryvoruchko, Yuriy"]
[Black "Efimenko, Zahar"]
[Result "1/2-1/2"]
[WhiteElo "2711"]
[BlackElo "2647"]
[PlyCount "77"]
[EventDate "2015.12.03"]

1. e4 e5 2. Nf3 Nc6 3. Bb5 a6 4. Ba4 Nf6 5. O-O Be7 6. Re1 b5 7. Bb3 d6 8. c3
O-O 9. h3 Bb7 10. d4 Nd7 11. Nbd2 exd4 12. cxd4 Bf6 13. Nf1 Na5 14. Bc2 Re8 15.
Rb1 c5 16. d5 Nc4 17. b3 Nce5 18. N3h2 Ng6 19. Ng3 Bc8 20. Be3 Nb6 21. f4 b4
22. Nh5 Bc3 23. Rf1 f5 24. Nf3 Ne7 25. Bd2 fxe4 26. Bxc3 bxc3 27. Bxe4 Bf5 28.
Bxf5 Nxf5 29. Qd3 g6 30. Rbe1 Rf8 31. g4 gxh5 32. gxf5 Qf6 33. Kh1 Qxf5 34.
Rg1+ Kh8 35. Qxc3+ Qf6 36. Qd3 Qf5 37. Qc3+ Qf6 38. Qd3 Qf5 39. Qc3+ 1/2-1/2

[Event "Ukraine Men`s Final - 2015					"]
[Site "Lviv"]
[Date "2015.12.10"]
[Round "7.4"]
[White "Kravtsiv, Martyn"]
[Black "Kovchan, Alexander"]
[Result "1/2-1/2"]
[WhiteElo "2623"]
[BlackElo "2583"]
[PlyCount "39"]
[EventDate "2015.12.03"]

1. e4 c5 2. Nf3 d6 3. d4 cxd4 4. Nxd4 Nf6 5. Nc3 a6 6. Be2 e5 7. Nb3 Be7 8. O-O
O-O 9. Qd3 Be6 10. Be3 Nbd7 11. Nd5 Bxd5 12. exd5 b6 13. c4 Nc5 14. Qc2 Nfd7
15. Nd2 a5 16. Nb1 Bg5 17. Nc3 f5 18. f4 exf4 19. Bxf4 Bxf4 20. Rxf4 $11
1/2-1/2

[Event "Ukraine Men`s Final - 2015					"]
[Site "Lviv"]
[Date "2015.12.10"]
[Round "7.5"]
[White "Volokitin, Andrei"]
[Black "Neverov, Valeriy"]
[Result "0-1"]
[WhiteElo "2628"]
[BlackElo "2516"]
[PlyCount "120"]
[EventDate "2015.12.03"]

1. e4 c5 2. Nf3 d6 3. d4 cxd4 4. Nxd4 Nf6 5. Nc3 a6 6. h3 e6 7. g4 b5 8. Bg2
Bb7 9. O-O Nfd7 10. Re1 Be7 11. e5 d5 12. a4 b4 13. Nxd5 Bxd5 14. Bxd5 exd5 15.
Nf5 O-O 16. Qxd5 Ra7 17. e6 Nf6 18. exf7+ Kh8 19. Qxd8 Bxd8 20. Bf4 Nc6 21. Re6
Ne7 22. Be3 Rd7 23. Nxe7 Bxe7 24. Rxa6 h6 25. a5 Kh7 26. Ra7 Rxa7 27. Bxa7 Kg6
28. Re1 Rxf7 29. a6 Bd6 30. Bd4 Bb8 31. Re6 Ba7 32. Bxa7 Rxa7 33. Rb6 Kf7 34.
Rb7+ Rxb7 35. axb7 Nd7 36. Kg2 Ke6 37. Kg3 Kd6 38. f4 Kc7 39. f5 Kxb7 40. h4
Kc6 41. g5 hxg5 42. hxg5 Kd6 43. Kf4 Kd5 44. Ke3 Ke5 45. f6 g6 46. Kd3 Kf4 47.
Kc4 Kxg5 48. f7 Ne5+ 49. Kxb4 Nxf7 50. c4 Kf4 51. c5 g5 52. c6 Nd6 53. Kc5 Nc8
54. b4 g4 55. b5 g3 56. b6 g2 57. b7 g1=Q+ 58. Kd5 Qg5+ 59. Kd4 Qe5+ 60. Kd3
Ne7 0-1

[Event "Ukraine Men`s Final - 2015					"]
[Site "Lviv"]
[Date "2015.12.10"]
[Round "7.6"]
[White "Sivuk, Vitaly"]
[Black "Fedorchuk, Sergey A"]
[Result "1-0"]
[WhiteElo "2552"]
[BlackElo "2641"]
[PlyCount "71"]
[EventDate "2015.12.03"]

1. Nf3 Nf6 2. g3 b6 3. Bg2 Bb7 4. O-O c5 5. c4 g6 6. b3 Bg7 7. Bb2 O-O 8. Nc3
Na6 9. Rc1 e6 10. d4 d5 11. e3 Qe7 12. Qe2 dxc4 13. bxc4 Ne4 14. Nb5 Nc7 15.
Rfd1 Rfd8 16. Ne5 Ne8 17. Qc2 cxd4 18. exd4 N4d6 19. Nxd6 Nxd6 20. c5 Bxg2 21.
Kxg2 Ne8 22. c6 Rac8 23. Qb3 Rd5 24. Ng4 Qd8 25. Ne3 Rd6 26. Qa4 Qc7 27. Ba3
Rxc6 28. d5 Rxc1 29. Rxc1 Qb7 30. Rxc8 Qxc8 31. dxe6 Qxe6 32. Qxa7 Qxa2 33. Qe7
Qe6 34. Qd8 Qe4+ 35. Kg1 Bd4 36. Be7 1-0

[Event "Ukraine Men`s Final - 2015					"]
[Site "Lviv"]
[Date "2015.12.11"]
[Round "8.1"]
[White "Zubarev, Alexander"]
[Black "Fedorchuk, Sergey A"]
[Result "0-1"]
[WhiteElo "2548"]
[BlackElo "2641"]
[PlyCount "70"]
[EventDate "2015.12.03"]

1. c4 Nf6 2. Nc3 e5 3. Nf3 Nc6 4. e3 Bb4 5. Qc2 O-O 6. Nd5 h6 7. Qf5 Nh7 8. a3
d6 9. Qb1 Ba5 10. b4 Bb6 11. a4 a5 12. b5 Ne7 13. Nxb6 cxb6 14. Ba3 Be6 15. Be2
f5 16. O-O Ng6 17. d4 e4 18. Nd2 Qe7 19. c5 bxc5 20. dxc5 dxc5 21. b6 Rfc8 22.
Rc1 Nf6 23. Nb3 Nd7 24. Qc2 Qf7 25. Rab1 Nge5 26. Nd2 c4 27. Qc3 Rc6 28. Qd4
Nd3 29. Bxd3 exd3 30. Bb2 Nxb6 31. Nf3 Qc7 32. Ba1 Rd8 33. Qc3 Nd5 34. Qd4 Nb4
35. Qc3 Na2 0-1

[Event "Ukraine Men`s Final - 2015					"]
[Site "Lviv"]
[Date "2015.12.11"]
[Round "8.2"]
[White "Neverov, Valeriy"]
[Black "Sivuk, Vitaly"]
[Result "1/2-1/2"]
[WhiteElo "2516"]
[BlackElo "2552"]
[PlyCount "100"]
[EventDate "2015.12.03"]

1. d4 Nf6 2. c4 e6 3. Nc3 Bb4 4. e3 O-O 5. Bd3 d5 6. Nf3 b6 7. O-O Bb7 8. a3
Bd6 9. cxd5 exd5 10. b4 a6 11. Qb3 Qe7 12. b5 Qd8 13. a4 axb5 14. Nxb5 Be7 15.
Ba3 c6 16. Nc3 Bxa3 17. Rxa3 Ba6 18. Ne5 Qd6 19. Bxa6 Rxa6 20. Rb1 Nbd7 21.
Nxd7 Nxd7 22. Ra2 Rfa8 23. h3 h6 24. Rab2 Re8 25. Qc2 Rea8 26. Rc1 Nf6 27. Qb1
Nd7 28. Qc2 Nf6 29. Qb1 Nd7 30. Rbc2 Qe6 31. Qb3 Qf5 32. Ne2 c5 33. Nc3 c4 34.
Qb5 Ra5 35. Qb1 Qe6 36. Rb2 f5 37. Qc2 Nf6 38. Rcb1 R8a6 39. Rb4 Ne4 40. Ne2
Qe8 41. f3 Nf6 42. Kf2 Rxa4 43. Rxa4 Rxa4 44. Rxb6 Ra3 45. Qc1 Qe7 46. Rb8+ Kh7
47. Rb7 Qxb7 48. Qxa3 Qb1 49. Qd6 Qd3 50. Qc7 Qc2 1/2-1/2

[Event "Ukraine Men`s Final - 2015					"]
[Site "Lviv"]
[Date "2015.12.11"]
[Round "8.3"]
[White "Kovchan, Alexander"]
[Black "Volokitin, Andrei"]
[Result "0-1"]
[WhiteElo "2583"]
[BlackElo "2628"]
[PlyCount "70"]
[EventDate "2015.12.03"]

1. e4 c5 2. Nf3 d6 3. d4 cxd4 4. Nxd4 Nf6 5. Nc3 a6 6. Be2 e6 7. a4 Be7 8. a5
O-O 9. O-O e5 10. Nb3 Be6 11. Be3 Nc6 12. Bb6 Qd7 13. Bf3 Bxb3 14. cxb3 Bd8 15.
Nd5 Nxd5 16. exd5 Ne7 17. Be3 f5 18. b4 e4 19. Be2 Ng6 20. Bd4 Bf6 21. Bxf6
Rxf6 22. Rc1 Nf4 23. Qd2 Nxe2+ 24. Qxe2 Re8 25. Rc4 Qb5 26. Rd1 f4 27. Rdd4 e3
28. b3 Rf5 29. h3 Rxd5 30. Rxd5 Qxd5 31. Rxf4 Qd2 32. Qc4+ d5 33. Qc7 exf2+ 34.
Kh2 Qxf4+ 35. Qxf4 Rf8 0-1

[Event "Ukraine Men`s Final - 2015					"]
[Site "Lviv"]
[Date "2015.12.11"]
[Round "8.4"]
[White "Efimenko, Zahar"]
[Black "Kravtsiv, Martyn"]
[Result "1/2-1/2"]
[WhiteElo "2647"]
[BlackElo "2623"]
[PlyCount "33"]
[EventDate "2015.12.03"]

1. Nf3 Nf6 2. g3 e6 3. Bg2 d5 4. d4 Be7 5. c4 O-O 6. Nc3 dxc4 7. Ne5 Qd6 8. O-O
Qa6 9. a4 Nc6 10. Nb5 Nxe5 11. dxe5 Rd8 12. Qc2 Nd5 13. Qxc4 c6 14. Nd6 Qxc4
15. Nxc4 b6 16. Bd2 Ba6 17. Rfc1 $11 1/2-1/2

[Event "Ukraine Men`s Final - 2015					"]
[Site "Lviv"]
[Date "2015.12.11"]
[Round "8.5"]
[White "Areshchenko, Alexander"]
[Black "Kryvoruchko, Yuriy"]
[Result "1/2-1/2"]
[WhiteElo "2677"]
[BlackElo "2711"]
[PlyCount "33"]
[EventDate "2015.12.03"]

1. e4 e5 2. Nf3 Nc6 3. Bb5 Nf6 4. d3 Bc5 5. c3 O-O 6. O-O d6 7. h3 Ne7 8. d4
Bb6 9. Re1 d5 10. Nxe5 Nxe4 11. Nd2 Nd6 12. Bd3 c6 13. Nf1 f6 14. Nf3 Bf5 15.
Bf4 Bxd3 16. Qxd3 Ng6 17. Bh2 $11 1/2-1/2

[Event "Ukraine Men`s Final - 2015					"]
[Site "Lviv"]
[Date "2015.12.12"]
[Round "9.2"]
[White "Kryvoruchko, Yuriy"]
[Black "Kuzubov, Yuriy"]
[Result "1/2-1/2"]
[WhiteElo "2711"]
[BlackElo "2640"]
[PlyCount "87"]
[EventDate "2015.12.03"]

1. e4 e5 2. Nf3 Nf6 3. Nxe5 d6 4. Nf3 Nxe4 5. Nc3 Nxc3 6. dxc3 Be7 7. Be3 O-O
8. Qd2 Nd7 9. O-O-O c6 10. c4 Re8 11. Bd3 Ne5 12. Nxe5 dxe5 13. Qe2 Qa5 14. Kb1
f5 15. Bd2 Qc7 16. f3 Bf6 17. Bc3 Be6 18. Rhe1 e4 19. fxe4 Bxc3 20. bxc3 Bf7
21. e5 Qb6+ 22. Kc1 Qc5 23. Qe3 Qa3+ 24. Kd2 Rad8 25. Qf4 Qxa2 26. e6 Bxe6 27.
Re3 Bf7 28. Qxf5 Bg6 29. Rxe8+ Rxe8 30. Qd7 Qa5 31. Kc1 Rd8 32. Qe6+ Bf7 33.
Qe7 Re8 34. Qh4 h6 35. Kb2 Qb6+ 36. Kc1 Qa5 37. Kb2 b5 38. Ra1 Qc7 39. cxb5
cxb5 40. g3 a5 41. Qf4 Qb6 42. Qd4 Qc7 43. Qf4 Qb6 44. Qd4 $11 1/2-1/2

[Event "Ukraine Men`s Final - 2015					"]
[Site "Lviv"]
[Date "2015.12.12"]
[Round "9.3"]
[White "Kravtsiv, Martyn"]
[Black "Areshchenko, Alexander"]
[Result "1-0"]
[WhiteElo "2623"]
[BlackElo "2677"]
[PlyCount "73"]
[EventDate "2015.12.03"]

1. e4 c5 2. Nf3 d6 3. Bb5+ Nd7 4. d4 cxd4 5. Qxd4 a6 6. Bxd7+ Bxd7 7. O-O Rc8
8. c4 e5 9. Qd3 b5 10. Na3 Qb6 11. cxb5 Bxb5 12. Nxb5 Qxb5 13. Qxb5+ axb5 14.
a4 bxa4 15. Rxa4 Nf6 16. Bg5 Be7 17. Rd1 O-O 18. g3 Rc2 19. Rb4 d5 20. Rb5 dxe4
21. Nxe5 h6 22. Be3 Rfc8 23. b4 Rb2 24. Rd4 Ne8 25. Nc4 Rb1+ 26. Kg2 Nf6 27.
Nd2 Rd1 28. Rb7 Kf8 29. b5 Ng4 30. Rxe4 Nxe3+ 31. Rxe3 Bg5 32. Rf3 Rxd2 33.
Rfxf7+ Kg8 34. Rxg7+ Kh8 35. Rh7+ Kg8 36. Rbg7+ Kf8 37. Rxg5 1-0

[Event "Ukraine Men`s Final - 2015					"]
[Site "Lviv"]
[Date "2015.12.12"]
[Round "9.4"]
[White "Volokitin, Andrei"]
[Black "Efimenko, Zahar"]
[Result "1/2-1/2"]
[WhiteElo "2628"]
[BlackElo "2647"]
[PlyCount "96"]
[EventDate "2015.12.03"]

1. e4 e5 2. Nf3 Nc6 3. Bb5 a6 4. Bxc6 dxc6 5. O-O Qf6 6. d4 exd4 7. Bg5 Qd6 8.
Nxd4 Bd7 9. Bh4 c5 10. Nb3 Qxd1 11. Rxd1 b6 12. Nc3 Ne7 13. a4 O-O-O 14. a5 c4
15. axb6 cxb3 16. bxc7 Kxc7 17. cxb3 Bc6 18. Bg3+ Kc8 19. Rxd8+ Kxd8 20. Rxa6
h5 21. b4 h4 22. Bd6 Kd7 23. Bc5 Nc8 24. f3 Bd6 25. Bxd6 Bb7 26. Ra5 Nxd6 27.
Na4 Kc7 28. Rg5 g6 29. b5 Rb8 30. Nc3 Bc8 31. Rc5+ Kd8 32. e5 Nf5 33. Kf2 Bd7
34. Rd5 Ke7 35. g4 hxg3+ 36. hxg3 Ng7 37. Rd4 Ne6 38. Rb4 Kd8 39. b6 Bc6 40.
Ke3 Kc8 41. Ne4 Bxe4 42. Kxe4 Kb7 43. f4 Rd8 44. g4 Rd1 45. f5 Nc5+ 46. Ke3 g5
47. Rd4 Re1+ 48. Kf3 Rxe5 1/2-1/2

[Event "Ukraine Men`s Final - 2015					"]
[Site "Lviv"]
[Date "2015.12.12"]
[Round "9.5"]
[White "Sivuk, Vitaly"]
[Black "Kovchan, Alexander"]
[Result "1-0"]
[WhiteElo "2552"]
[BlackElo "2583"]
[PlyCount "91"]
[EventDate "2015.12.03"]

1. e4 c5 2. Nf3 d6 3. d4 cxd4 4. Qxd4 a6 5. c4 Nc6 6. Qe3 g6 7. h3 Bh6 8. Qc3
Qa5 9. Qxa5 Nxa5 10. Bxh6 Nxh6 11. Bd3 e5 12. Nc3 Be6 13. b3 Rc8 14. Kd2 Nc6
15. Rhc1 Ng8 16. Nd5 Nge7 17. Nb6 Rd8 18. a3 f5 19. b4 O-O 20. Nd5 Kh8 21. Ke1
Bg8 22. Nd2 fxe4 23. Bxe4 Nf5 24. Nb3 Ncd4 25. Rab1 b5 26. Na5 bxc4 27. Nxc4
Ne6 28. Ncb6 Nfd4 29. Bd3 Rf7 30. a4 Nf4 31. Nxf4 Rxf4 32. Rc3 Rb8 33. a5 Nb5
34. Rc6 Bf7 35. Bxb5 Be8 36. Ba4 Re4+ 37. Kf1 Bxc6 38. Bxc6 Rd4 39. Ke2 Kg7 40.
b5 axb5 41. Rxb5 Rf8 42. a6 Rf7 43. Bb7 Rc7 44. Rb2 d5 45. f3 Rc1 46. a7 1-0

[Event "Ukraine Men`s Final - 2015					"]
[Site "Lviv"]
[Date "2015.12.12"]
[Round "9.6"]
[White "Fedorchuk, Sergey A"]
[Black "Neverov, Valeriy"]
[Result "1-0"]
[WhiteElo "2641"]
[BlackElo "2516"]
[PlyCount "102"]
[EventDate "2015.12.03"]

1. e4 c5 2. Nf3 d6 3. d4 cxd4 4. Nxd4 Nf6 5. Nc3 a6 6. h3 e6 7. g4 Be7 8. g5
Nfd7 9. h4 b5 10. Bg2 Bb7 11. f4 b4 12. Nce2 Nc5 13. Ng3 O-O 14. f5 Nbd7 15.
O-O Re8 16. f6 gxf6 17. gxf6 Nxf6 18. Bg5 Kh8 19. e5 dxe5 20. Nc6 Bxc6 21. Bxc6
Nd5 22. Bxa8 Bxg5 23. Bxd5 Be3+ 24. Kg2 Rg8 25. Bc6 Qc7 26. Rxf7 Qxc6+ 27. Kh3
Ne4 28. Nxe4 Qxe4 29. Qf3 Qxf3+ 30. Rxf3 Bf4 31. a3 Rc8 32. Rf2 a5 33. axb4
axb4 34. Ra6 Re8 35. Re2 b3 36. c3 h5 37. Rb6 Kg7 38. Rxb3 Kf6 39. Kg2 Rg8+ 40.
Kf1 Rg4 41. c4 Rxh4 42. Kg1 e4 43. c5 e3 44. c6 Rg4+ 45. Kf1 Rg8 46. Rb5 Rh8
47. Kg2 h4 48. Kh3 e5 49. b4 Kf5 50. c7 Rc8 51. Rc5 Ke4 {time black zero} 1-0

[Event "Ukraine Men`s Final - 2015					"]
[Site "Lviv"]
[Date "2015.12.13"]
[Round "10.1"]
[White "Zubarev, Alexander"]
[Black "Neverov, Valeriy"]
[Result "1-0"]
[WhiteElo "2548"]
[BlackElo "2516"]
[PlyCount "177"]
[EventDate "2015.12.03"]

1. d4 Nf6 2. Nf3 g6 3. c4 Bg7 4. g3 O-O 5. Bg2 c6 6. O-O d5 7. Qb3 Qb6 8. Nc3
Bf5 9. Qxb6 axb6 10. cxd5 Nxd5 11. Nxd5 cxd5 12. Bd2 Nc6 13. e3 Ra4 14. a3 Rfa8
15. Rac1 Be4 16. Rfd1 e6 17. Ne1 Bxg2 18. Kxg2 Bf8 19. Nd3 Bd6 20. Bc3 f6 21.
h4 Kf7 22. Rc2 Ke7 23. Re2 Kd7 24. f3 h5 25. Be1 f5 26. Bc3 Rg8 27. Kh3 Rc4 28.
Be1 Ra4 29. Rg2 Raa8 30. Bc3 Rac8 31. Re2 Rcf8 32. Be1 Rg7 33. Rc1 Ra8 34. Rec2
Rgg8 35. Rg2 g5 36. hxg5 Rxg5 37. Bf2 Rag8 38. Rcg1 Na5 39. Be1 Nc4 40. Re2
R5g7 41. Bf2 b5 42. Be1 b6 43. Bf2 Rh7 44. Be1 Rhg7 45. Bf2 Ke7 46. Nf4 Rh7 47.
Ng2 Kf7 48. Nh4 Rhg7 49. Be1 Bc7 50. Ng2 Bd6 51. Nh4 f4 52. exf4 Bxf4 53. Bf2
Bg5 54. Ng2 Nd2 55. Be3 Bxe3 56. Nxe3 Nb3 57. Nc2 Rc8 58. Rge1 Rg6 59. Re3 Na5
60. Nb4 Nc4 61. R3e2 Rcg8 62. Rg1 Rf6 63. b3 Nd6 64. Nd3 Ke7 65. Ne5 Nf7 66.
Nxf7 Kxf7 67. Re3 Rc8 68. Rd1 Rc2 69. Rdd3 Kg6 70. Rc3 Rd2 71. Rc6 Rxd4 72.
Rexe6 Rxe6 73. Rxe6+ Kf5 74. Rxb6 Rd3 75. Rxb5 Ke5 76. f4+ Ke4 77. a4 Rd1 78.
a5 Ra1 79. b4 d4 80. Re5+ Kf3 81. Kh4 d3 82. Rd5 Ke4 83. Rd7 Kf5 84. Kh3 Ke4
85. f5 Ra4 86. f6 Rxb4 87. f7 Rb8 88. Re7+ Kd5 89. Re8 1-0

[Event "Ukraine Men`s Final - 2015					"]
[Site "Lviv"]
[Date "2015.12.13"]
[Round "10.2"]
[White "Kovchan, Alexander"]
[Black "Fedorchuk, Sergey A"]
[Result "1/2-1/2"]
[WhiteElo "2583"]
[BlackElo "2641"]
[PlyCount "23"]
[EventDate "2015.12.03"]

1. e4 e5 2. Nf3 Nc6 3. Nc3 Nf6 4. d4 exd4 5. Nxd4 Bb4 6. Nxc6 bxc6 7. Bd3 d5 8.
exd5 cxd5 9. O-O O-O 10. Bg5 c6 11. Qf3 Be7 12. h3 1/2-1/2

[Event "Ukraine Men`s Final - 2015					"]
[Site "Lviv"]
[Date "2015.12.13"]
[Round "10.3"]
[White "Efimenko, Zahar"]
[Black "Sivuk, Vitaly"]
[Result "1/2-1/2"]
[WhiteElo "2647"]
[BlackElo "2552"]
[PlyCount "103"]
[EventDate "2015.12.03"]

1. e4 e5 2. Nf3 Nc6 3. Bc4 Nf6 4. d3 Be7 5. O-O O-O 6. Nbd2 d6 7. c3 Na5 8. Bb5
a6 9. Ba4 b5 10. Bc2 c5 11. d4 Qc7 12. d5 c4 13. Re1 Bd7 14. Nf1 Nb7 15. Ng3
Rfb8 16. Bd2 Nc5 17. b4 cxb3 18. axb3 a5 19. h3 g6 20. Qe2 Be8 21. Ra3 Qb7 22.
Rea1 a4 23. b4 Nb3 24. Bxb3 axb3 25. Be3 Nxd5 26. exd5 Qxd5 27. Qd2 Bc6 28.
Qxd5 Bxd5 29. Bc1 Rxa3 30. Rxa3 Ra8 31. Rxa8+ Bxa8 32. Nd2 Bd5 33. Ngf1 Be6 34.
Nb1 Bc4 35. Nfd2 Kf8 36. Nxc4 bxc4 37. Kf1 Ke8 38. Ke2 Kd7 39. Kd1 d5 40. Be3
Kc6 41. Kc1 Kb5 42. Kb2 Bf8 43. Nd2 f6 44. f4 Bd6 45. g3 Ka4 46. fxe5 fxe5 47.
Bf2 Kb5 48. g4 Be7 49. Nf3 Bf6 50. Bc5 Ka4 51. Be3 Kb5 52. Bf2 1/2-1/2

[Event "Ukraine Men`s Final - 2015					"]
[Site "Lviv"]
[Date "2015.12.13"]
[Round "10.4"]
[White "Areshchenko, Alexander"]
[Black "Volokitin, Andrei"]
[Result "1/2-1/2"]
[WhiteElo "2677"]
[BlackElo "2628"]
[PlyCount "36"]
[EventDate "2015.12.03"]

1. e4 e5 2. Nf3 Nc6 3. Bb5 Nf6 4. d3 Bc5 5. c3 d5 6. Nbd2 dxe4 7. dxe4 O-O 8.
O-O Qe7 9. Qe2 a5 10. Ba4 h6 11. Nc4 Bd7 12. Ne3 Bxe3 13. Qxe3 Na7 14. Bc2 Ng4
15. Qe2 Bb5 16. Bd3 Bxd3 17. Qxd3 Rfd8 18. Qc2 Nc6 1/2-1/2

[Event "Ukraine Men`s Final - 2015					"]
[Site "Lviv"]
[Date "2015.12.13"]
[Round "10.5"]
[White "Kuzubov, Yuriy"]
[Black "Kravtsiv, Martyn"]
[Result "1/2-1/2"]
[WhiteElo "2640"]
[BlackElo "2623"]
[PlyCount "114"]
[EventDate "2015.12.03"]

1. c4 e6 2. Nc3 d5 3. d4 Be7 4. cxd5 exd5 5. Bf4 Nf6 6. e3 O-O 7. Bd3 c5 8.
dxc5 Bxc5 9. Nge2 Nc6 10. O-O d4 11. exd4 Nxd4 12. Na4 Nxe2+ 13. Bxe2 Nd5 14.
Be5 Be7 15. Qd4 Bf6 16. Bf3 Re8 17. Bxf6 Nxf6 18. Qf4 Nd5 19. Qc1 Be6 20. Nc5
Rc8 21. Nxe6 Rxe6 22. Qd2 Nf6 23. Qxd8+ Rxd8 24. Rfd1 Red6 25. Kf1 Kf8 26. Rxd6
Rxd6 27. Rc1 Rd7 28. Rc8+ Ke7 29. Ke2 Kd6 30. h4 h6 31. Kd3 Ke5+ 32. Kc4 Rd2
33. Kb3 Rd7 34. a4 b6 35. Rc2 g5 36. hxg5 hxg5 37. Kb4 g4 38. Bc6 Nd5+ 39. Kb3
Rc7 40. Re2+ Kd6 41. Ba8 Rc5 42. Rd2 Ke5 43. Bb7 a5 44. Re2+ Kd6 45. Ba6 Nf4
46. Re4 Ne6 47. Rxg4 Rf5 48. Be2 Rxf2 49. Bf3 f5 50. Rg6 Ke5 51. Kc3 Rf1 52. b3
Rc1+ 53. Kd2 Rc7 54. Rh6 Rd7+ 55. Kc3 Rc7+ 56. Kd2 Rd7+ 57. Kc3 Rc7+ 1/2-1/2

[Event "Ukraine Men`s Final - 2015					"]
[Site "Lviv"]
[Date "2015.12.14"]
[Round "11.1"]
[White "Kryvoruchko, Yuriy"]
[Black "Zubarev, Alexander"]
[Result "1-0"]
[WhiteElo "2711"]
[BlackElo "2548"]
[PlyCount "107"]
[EventDate "2015.12.03"]

1. e4 c5 2. Nf3 d6 3. d4 cxd4 4. Nxd4 Nf6 5. Nc3 g6 6. Be3 Bg7 7. f3 a6 8. Qd2
h5 9. Be2 Nbd7 10. O-O b6 11. Nd5 Bb7 12. c4 O-O 13. Rfd1 Rc8 14. Rac1 Re8 15.
Bg5 e6 16. Nxf6+ Bxf6 17. Bxf6 Qxf6 18. b4 d5 19. cxd5 exd5 20. Rxc8 Rxc8 21.
exd5 Bxd5 22. Bxa6 Ra8 23. Nb5 Bc6 24. Nc7 Ra7 25. Ne8 Qe7 26. Re1 Ne5 27. Qc3
Qxe8 28. Rxe5 Qd7 29. Bc4 Rc7 30. Qd3 Qxd3 31. Bxd3 Kf8 32. Kf2 Ra7 33. Re2 Ra4
34. Rb2 Bd5 35. Bb1 Ke7 36. Ke3 g5 37. f4 f6 38. fxg5 fxg5 39. g3 Kd6 40. Bg6
h4 41. gxh4 Ra3+ 42. Kd4 gxh4 43. Rf2 Bxa2 44. Rf6+ Kc7 45. Be4 Rh3 46. Rc6+
Kd7 47. Rxb6 Rxh2 48. Rh6 Be6 49. b5 h3 50. b6 Kd6 51. Kc3 Re2 52. b7 Re3+ 53.
Kd4 Rb3 54. Rxe6+ 1-0

[Event "Ukraine Men`s Final - 2015					"]
[Site "Lviv"]
[Date "2015.12.14"]
[Round "11.3"]
[White "Volokitin, Andrei"]
[Black "Kuzubov, Yuriy"]
[Result "1-0"]
[WhiteElo "2628"]
[BlackElo "2640"]
[PlyCount "139"]
[EventDate "2015.12.03"]

1. e4 c5 2. Nf3 d6 3. d4 cxd4 4. Nxd4 Nf6 5. Nc3 a6 6. h3 e6 7. g4 Nfd7 8. g5
b5 9. a3 Bb7 10. h4 Nb6 11. h5 N8d7 12. Rh3 Nc5 13. g6 hxg6 14. hxg6 Rxh3 15.
gxf7+ Kxf7 16. Bxh3 e5 17. Qh5+ g6 18. Qh7+ Bg7 19. Ne6 Qh8 20. Ng5+ Kf6 21. b3
Qxh7 22. Nxh7+ Kf7 23. Be3 Rh8 24. Ng5+ Ke7 25. O-O-O Bf6 26. Bg4 Ncd7 27. Kb2
Rh4 28. f3 Rh2 29. Ne6 Bc6 30. Nc7 Bb7 31. Rg1 Nc5 32. Rd1 Bh4 33. Bg1 Rg2 34.
Be3 Rh2 35. N7d5+ Nxd5 36. Nxd5+ Bxd5 37. Rxd5 Ne6 38. Rd2 Rh1 39. Rg2 Nf4 40.
Rg1 Rxg1 41. Bxg1 Ne2 42. Bb6 Be1 43. b4 Bc3+ 44. Ka2 Bd4 45. Bc7 d5 46. exd5
Nc3+ 47. Kb3 Nxd5 48. Bb8 Kd8 49. c4 bxc4+ 50. Kxc4 Ne3+ 51. Kd3 Nxg4 52. fxg4
Kc8 53. Bd6 Kd7 54. Bf8 Kc6 55. Kc4 Bg1 56. a4 e4 57. Bh6 Bf2 58. Bg7 Be1 59.
Bc3 Bh4 60. Bd4 Bg5 61. Bc5 Bh4 62. b5+ axb5+ 63. axb5+ Kd7 64. Kd5 Bg3 65. Be3
Bc7 66. Kxe4 Ba5 67. Kd5 Bc3 68. b6 Ba5 69. Bd4 Bb4 70. Bc5 1-0